000 00390nmm a2200145Ia 4500
008 251105s9999||||xx |||||||||||||||||und||
041 _aspa
100 _aMarín, Isabella
245 0 _aMientras te miraba
264 _a[Madrid, España] :
_bEdiciones B,
_c2017
300 _a237 páginas
650 _aRomance
856 _uhttps://public.digitaliapublishing.com/a/54534
942 _cCF
999 _c106418
_d106418